| 000 | 00958nam a2200289Ia 4500 | ||
|---|---|---|---|
| 001 | Para_5751 | ||
| 003 | CHAP | ||
| 008 | 220125s1971 xx 000 0 und d | ||
| 010 | _a204246 | ||
| 040 | _cCHAP | ||
| 090 | _aPA TESIS 85 | ||
| 100 |
_aChapa Elizondo, Gerardo Sergio _921875 |
||
| 245 |
_aComportamiento de colecciones de maíz al ataque de cenicilla por Sclerospora en Río Bravo, Tamp. / _c por Gerardo Sergio Chapa Elizondo |
||
| 260 |
_aChapingo, Méx. : _b el autor |
||
| 300 | _a62 h. | ||
| 502 | _aTesis (Ing. Agr. Esp. en Parasitología Agrícola) ENA. Departamento Parasitología Agrícola | ||
| 650 |
_aMaíz _x enfermedades _970939 |
||
| 650 |
_aSclerospora _9103338 |
||
| 710 |
_aENA. Departamento Parasitología Agrícola _9164684 |
||
| 901 | _aPA TESIS 85 | ||
| 902 | _aA | ||
| 905 | _a0000001971 0000000000 00 | ||
| 910 | _a1971 | ||
| 942 | _cPARA | ||
| 942 |
_cPARA _d1 |
||
| 999 |
_c204246 _d204246 |
||